[Event "Washington Class Championships"]
[Site "Bellevue, WA"]
[Date "2021.11.28"]
[Round "5"]
[White "Li, Emma"]
[Black "Razmov, Gabriel"]
[Result "0-1"]
[WhiteElo "1689"]
[BlackElo "1609"]
[Annotator "Gabriel Razmov"]
[PlyCount "100"]
[EventDate "2021.11.26"]
[EventType "swiss"]
[EventRounds "6"]
[EventCountry "USA"]

{[%evp 0,100,25,16,38,42,68,54,56,68,47,55,71,65,65,51,57,32,77,50,84,65,45,41,
51,54,43,34,36,0,21,-105,-105,-85,-99,-120,-111,-125,-122,-113,-109,-299,-86,
-96,-92,-83,-112,-109,-112,-114,-120,-135,-115,-110,-109,-118,-100,-111,-111,
-109,-109,-109,-128,-128,-100,-105,-127,-142,-151,-203,-151,-179,-198,-206,
-209,-215,-256,-310,-330,-326,-333,-411,-430,-458,-476,-986,-1543,-1383,-1471,
-28439,-29970,-29971,-29974,-29975,-29978,-29979,-29980,-29981,-29982,-29983,
-29984,-29997,-29992] This game was played in Round 5 of the WA Class
Championships in the Class B section. My opponent was rated ~100 points higher
than me. I felt this game was critical, so I went for what I consider a
no-risk, solid opening as Black.} 1. e4 d5 2. exd5 Qxd5 3. Nc3 Qa5 {This is
the main line of the Scandinavian, called Mieses-Kotrč. It is a line in which
Black often equalizes relatively simply, with good play to follow.} 4. Nf3 Nf6
5. Bc4 Bf5 6. O-O e6 7. d4 c6 {The moves up to this point can transpose in
many different ways.} 8. Re1 ({One trap that White needs to be aware of in
this opening line is that if} 8. a3 Nbd7 9. b4 $4 Bxb4 {, taking advantage of
the pin. Obviously, White should not play like this when their dark squared
Bishop is still on c1 and the Rook is on a1.}) 8... Be7 9. Bf4 Qd8 $6 {I felt
that the queen was no longer as useful on a5, so I brought it back to base
camp to ensure that my pieces are protected while I develop. This is one thing
that draws people away from the Scandinavian - it involves moving Black's
Queen 3 or 4 times, seemingly uselessly. However, this Qd8-d5-a5-d8 maneuver
offers some challenges for White (e.g., it temporarily pins the White knight
when developed to c3), and it is instrumental in leaving enough space for
Black to develop before the Queen comes back to safety in Black's camp.} (9...
Nbd7 {is another natural way to continue development quickly, though it allows
White a more long-term pressure via the dark-squared bishop.}) 10. Qd2 O-O 11.
Bd3 $6 {Usually White aims to exchange Black's bishop for the knight, not the
light-squared bishop.} (11. Nh4) 11... Bg6 12. Bxg6 hxg6 13. Ng5 $6 {
Over-ambitious. There are sacrificial tricks White can play around the
potential weakness of the e6-pawn (I once fell into such a trap); however,
here this idea does not work, as the game shows.} Nbd7 14. Qe2 Nb6 15. Nxe6 $2
{Did White blunder the rook defense 16...Rf7 a couple of moves down the line?}
fxe6 16. Qxe6+ Rf7 {∓} (16... Kh7 $6 17. Qxe7 Qxe7 18. Rxe7 Nbd5 19. Nxd5
Nxd5 20. Bg5 Nxe7 21. Bxe7 {⩱ Although Black still comes out better, White
would have two pawns for the exchange and some practical drawing chances.}) 17.
Ne4 Nxe4 18. Rxe4 Nd5 (18... Qd5 {looks simpler and compelling.}) 19. Be5 Nf6
20. Rae1 $2 {A material blunder or a sign of desperation?} Qd5 $2 ({I have no
idea why I didn't simply take the offered rook.} 20... Nxe4 21. Rxe4 Qd5 {
and the game would be over already.}) 21. Bxf6 Qxe6 22. Rxe6 Bxf6 23. c3 Kf8 {
I intended to trade a set of Rooks in order to make this endgame simpler to
win, because rooks could create extra counter-chances and complications.} 24.
g3 Re7 25. f4 Rae8 26. Rxe7 Bxe7 $6 (26... Rxe7 {either captures control over
the e-file or trades rooks and thus makes it simpler for Black to win the
endgame.}) 27. Re5 Bf6 {I realized that rooks did indeed create complications,
so I admitted my previous mistake and offered the trade again.} 28. Rxe8+ Kxe8
{This position should be technically winning, but Black needs to be careful,
especially not to allow too many pawns to be exchanged.} 29. h4 Ke7 30. Kf2 Ke6
31. Ke3 Kd5 32. Kd3 c5 33. dxc5 Kxc5 34. Ke4 Kc4 35. Ke3 b5 {Black's plan is
to advance on the queenside and thus either win some White pawns there or gain
access to the vital d4-square, which would allow an invasion on one of the
flanks, e.g., via Bf6-d4-f2, attacking the White kingside pawns with a bishop
while the Black king attacks the queen-side pawns.} 36. Kd2 a5 37. b3+ $6 {
Already a weakening that White cannot reve} Kd5 38. Kd3 a4 {White is
practically in zugzwang.} 39. bxa4 bxa4 40. c4+ Kc5 {Another zugzwang wins a
pawn.} 41. g4 Bxh4 42. f5 gxf5 43. gxf5 Bf6 {And another zugzwang wins another
pawn. The game is practically over.} 44. Ke4 Kxc4 45. Ke3 Kc3 46. Ke4 Kb2 47.
Kd3 Kxa2 48. Kc2 a3 49. Kc1 Kb3 50. Kb1 a2+ {White resigned. Overall, I felt I
played well, though the game was colored by the early \"blunder\" piece
sacrifice by White.} 0-1

[Event "Washington Class Championships"]
[Site "Bellevue, WA"]
[Date "2021.11.28"]
[Round "6"]
[White "Haining, Kyle"]
[Black "Jiang, Brandon"]
[Result "1-0"]
[WhiteElo "2288"]
[BlackElo "2088"]
[Annotator "Kyle Haining"]
[PlyCount "93"]
[EventDate "2021.11.26"]
[EventType "swiss"]
[EventRounds "6"]
[EventCountry "USA"]

{[%evp 0,93,23,-35,61,45,63,8,39,19,20,7,23,7,15,8,12,-8,18,-54,27,-10,41,6,67,
60,73,70,69,29,29,42,49,49,59,65,51,44,72,78,95,92,96,90,90,65,88,62,61,62,58,
30,43,3,3,-2,14,9,9,0,-11,-33,30,40,43,53,52,42,66,53,79,53,90,103,151,141,141,
141,141,141,141,142,136,146,146,146,143,104,172,143,172,164,164,111,111,152]
For the last round, I was paired against Brandon Jiang, who was having a great
tournament and had already won his section. I played him before as white,
where he went for a sharp line. Not wanting to go for that, I spent awhile on
my first move and decided to play my black opening as white} 1. g3 f5 2. Bg2
Nf6 3. c4 d6 4. Nc3 e5 5. d3 Be7 6. Rb1 a5 7. a3 O-O 8. b4 Nc6 $6 {It is
better for Black to trade pawns on b4. As you'll see from the game, neither of
us really understood this. Also, in this kind of structure Black is better off
playing c6 and developing the knight to d7.} (8... axb4 9. axb4 {gives Black
the a-file for his rook}) 9. e3 $6 (9. b5 {not allowing the trade on b4 is
better} Nd4 10. e3 Ne6 11. Nge2 $14) 9... Qe8 10. Nge2 {again, 9... axb4 and
10. b5 would have been better moves} Qh5 11. Qc2 Kh8 12. b5 Nb8 13. Nd5 Bd8 14.
c5 $6 {I thought this was a good move, weakening Black's pawn structure, but
this turns out not to be the case} Nxd5 15. Bxd5 Nd7 $6 ({A problem with 14.
c5 is that} 15... dxc5 16. Qxc5 Nd7 {and the natural looking} 17. Qc2 {can be
met by} f4 $1 18. exf4 exf4 $15 {exposes an attack on the d5 bishop}) 16. c6
bxc6 17. Bxc6 Ra7 18. d4 Be7 19. Bb2 Nb8 {A good practical decision by my
opponent, offering a pawn in exchange for the bishop pair} 20. Bg2 {I decline}
(20. dxe5 Nxc6 21. Qxc6 {is still good for White, but is risky, letting Black
have the h1-a8 diagonal} (21. bxc6 $2 Ba6 {White has lost most of his
advantage here, according to the computer. White has serious problems with his
light squares. This is one of the cases where you should decide you're not
paid enough to take the extra pawn.})) 20... e4 21. Nf4 Qf7 22. h4 d5 23. h5 {
threatening Ng6+ with a discovery on the h-file if Black takes} Kg8 24. Bf1 {
threatening Nxd5, and Black can't play Qxd5 due to Bc4} Be6 25. Bc1 Rc8 26. Qd2
$6 {I was scared of a break on the c-file, but turns out it doesn't work} (26.
Be2 c5 27. dxc5 Bxc5 28. Qd2 {and Black does not have much. A sample line is}
d4 29. exd4 Rd7 30. Bb2 Rcd8 31. Nxe6 Qxe6 32. Qc2 Bb6 33. Bc4 {+-}) 26... Nd7
27. Be2 Bd6 28. Kf1 $6 Nb6 $6 ({Here and in later moves, Black should take the
knight. According to the computer, I should have traded on e6 the previous
move. This is not at all intuitive to me. Why should I exchange my knight for
the "bad" light-square bishop rather than the "good" dark-square bishop?
Apparently the answer has to do with the weakness of the g-file.} 28... Bxf4
29. gxf4 h6 $1 {and Black has a plan of Kh7, Rg8, and g5.}) 29. Bb2 Bd7 30. Kg2
Qe8 31. Bc3 Rca8 32. Qa2 Qf7 33. a4 Rf8 {White has a good position, but how to
improve? I came up with a plan of Bc3-b2-a3 to trade dark square bishops. That
way, c7 is weakened and I can also post a rook on c5. To protect a4 while my
bishop is on a3, also planned Bd1, which has the nice benefit of allowing Bb3,
putting more pressure on d5.} 34. Bd1 Bc8 35. Bb2 Bb7 36. Ba3 Qe7 37. Bxd6 Qxd6
38. Bb3 Rd8 39. Rbc1 Ba8 40. Rc5 Kh8 41. Rhc1 Kg8 {My plan worked quite nicely.
Now, all my pieces are active, while Black doesn't have good plans. This is
the kind of position you're happy to be playing in person, where others can
see your board :)} 42. Qc2 {I played Rxd5 later. Not sure when exactly I
spotted it, but was being a bit lazy. Why am I going down material when I have
such a huge position? I was hoping to find an easier way to win.} Rd7 43. Qd1
Qf6 44. Qe2 Kf7 45. Qa2 Qd8 {Eventually I decide this is the easier win} 46.
Rxd5 Nxd5 47. Rc5 {Res.} ({White crashes through. Black has no way to guard d5.
An example line is} 47. Rc5 Kg8 48. Nxd5 Bxd5 49. Bxd5+ Kh8 50. Bc6 {and White
is about to regain material with a great position after taking the f5 pawn.
Black's a7 rook, meanwhile, is trapped by the bishop.}) 1-0

[Event "Washington Winter Classic"]
[Site "Chess.com"]
[Date "2021.12.26"]
[Round "?"]
[White "Shahinyan, David"]
[Black "Aleksandrov, Aleksej"]
[Result "1/2-1/2"]
[WhiteElo "2570"]
[BlackElo "2708"]
[Annotator "Ralph Dubisch"]
[PlyCount "110"]
[EventDate "2021.??.??"]

{[%evp 0,110,19,38,25,16,14,22,8,-17,-16,12,15,15,16,12,23,-41,5,-23,4,9,3,18,
-7,18,16,16,10,11,39,30,30,29,23,25,34,36,30,40,55,55,118,120,100,102,120,122,
117,123,126,120,126,122,120,69,81,84,85,86,99,100,123,111,122,89,118,110,139,
90,188,194,194,194,232,191,166,166,203,204,214,106,108,155,155,171,148,130,181,
161,120,62,54,3,3,2,2,2,2,2,2,2,2,2,3,3,5,5,5,5,5,5,5]} 1. e4 e5 2. Nf3 Nc6 3.
Nc3 Nf6 4. d4 exd4 5. Nxd4 Bb4 6. Nxc6 bxc6 7. Bd3 d5 8. Bd2 $5 (8. exd5 cxd5
9. O-O O-O 10. Bg5 c6 11. Qf3 {has been played hundreds of times (at least),
with an equal position.}) 8... O-O 9. O-O Bg4 (9... Bxc3 10. Bxc3 dxe4 (10...
Nxe4 11. Bxe4 dxe4 12. Qe2 Bf5 ({Similarly} 12... Re8 13. Qe3 {, when White
has full compensation for the pawn through active pieces and pressure against
the many pawn weaknesses—though it is hard to see this leading to a serious
advantage.}) 13. Qe3 {is essentially equal.}) 11. Bxf6 Qxf6 12. Bxe4 {and an
eternal optimist might be able to claim a microscopic advantage for White.})
10. f3 dxe4 11. Nxe4 Nxe4 12. Bxb4 Qd4+ 13. Kh1 Qxb4 14. Bxe4 Be6 15. b3 Rad8
16. Qe1 $1 Qxe1 (16... Rd2 $4 17. Rf2 Rfd8 18. Bd3 $18) 17. Rfxe1 $14 {Now
White has a distinct structural edge in the endgame.} Rd6 ({Possibly} 17... c5
{, intending ...c4, keeps the troubles to a minimum.}) 18. Kg1 Rfd8 19. Re3 $1
Bd5 (19... c5 20. Rc3 c4 $5 $14) 20. Rae1 Kf8 $6 (20... g6 21. Kf2 Kf8 22. Rc3
$16) 21. Bxh7 $1 {Black probably assumed this to be impossible, but White sees
the tactical overload of the f7-pawn.} g6 22. c4 Kg7 ({If} 22... Be6 23. Bxg6
$18) 23. Bxg6 Kxg6 24. cxd5 cxd5 25. Rc1 d4 26. Re7 $6 ({Blockade!} 26. Rd3
R8d7 27. Kf2 {followed by a slow mobilization of the white pawns. Black is
helpless.^^Not that White's choice actually throws away the game or anything...
}) 26... Ra6 (26... d3 $5) 27. Rc2 (27. Rcxc7 Rxa2 (27... d3 28. Red7 Rd6 29.
Rxd6+ Rxd6 30. Rc1 $18) 28. Rxf7 $18 {Sure, White seems to be able to counter
Black's scary ideas, but this requires accurate calculation.}) 27... d3 28. Rd2
Rc6 29. Kf2 f5 30. f4 Kf6 31. Re1 (31. Re5 $5 {keeps the option of Ra5 at some
point.}) 31... Rc3 32. h3 Rd4 33. Kf3 a5 34. g4 a4 (34... Rc2 $5 35. Rxc2 (35.
Red1 Rxd2 36. Rxd2 a4 $5) 35... dxc2 36. g5+ Kf7 37. Rc1 Rd2 $14) 35. g5+ $1
Kf7 36. Re5 axb3 37. axb3 ({Why not the intermediate} 37. Rxf5+ $1 {, I wonder?
}) 37... Kg6 38. h4 Rc2 39. Rxc2 dxc2 40. Rc5 $4 ({Here, or on the last move,
the key to winning is to prevent Black's counterplay involving ...Kh5-g4. It's
actually a basic principle to push the king back with tempo, so it didn't need
a great deal of analysis. Time must have been a factor.^^Gotta finish off
these 2700 players when you have the chance.} 40. Re6+ $1 Kf7 (40... Kh5 $4 41.
Rh6#) 41. Rc6 Rd3+ 42. Ke2 Rh3 (42... Rxb3 43. h5 $1) 43. b4 $1 Rxh4 44. Ke3
Rh3+ 45. Kd4 Rb3 46. Ke5 Rxb4 47. Kxf5 $18) 40... Rd3+ 41. Ke2 Rxb3 42. Rxc2 (
42. Kd2) ({and} 42. Rxc7 {are other attempts. Black should be able to hold.})
42... Kh5 $1 43. Rc5 Kg4 44. g6 Rb8 45. Rxc7 Rg8 46. g7 Kxf4 47. Rf7 Kg4 48.
Ke3 Kh5 49. Kf4 Kg6 50. Rxf5 Rxg7 51. Ra5 Rf7+ 52. Kg4 Kg7 53. Kg5 Rb7 54. h5
Kh7 55. Re5 Ra7 1/2-1/2

[Event "NW Chess Winter Open"]
[Site "Chess.com"]
[Date "2021.12.11"]
[Round "5"]
[White "Razmov, Gabriel"]
[Black "Cheng, Edward"]
[Result "1-0"]
[WhiteElo "1605"]
[BlackElo "1738"]
[Annotator "Gabriel Razmov"]
[PlyCount "117"]
[EventDate "2021.12.11"]
[EventType "swiss"]
[EventRounds "5"]
[TimeControl "1800+5"]

{[%evp 0,117,25,27,29,-11,44,33,40,35,33,16,26,-29,-12,-28,0,-7,0,-14,-4,-7,35,
8,157,139,158,150,135,113,118,145,253,139,123,152,257,285,346,346,628,577,516,
688,688,667,672,679,870,862,868,868,941,941,941,555,555,550,608,761,868,866,
858,1343,1800,1859,1893,1466,1480,1520,1530,1340,1390,1401,1505,1475,1450,1536,
1558,1437,1563,1392,1637,2391,2825,2927,2516,1524,1825,1311,2433,1657,2088,
2239,2751,29980,29981,29982,29983,29984,29985,29982,29985,29988,29989,29992,
29993,29992,29993,29992,29993,29994,29995,29994,29995,29996,29997,29998,29999,
-30000] This game was played in the last round of the NW Chess Winter Open. I
had 2.5/4 with two wins against lower-rated opposition and a draw with a
2000-rated player, and here I was playing a well-known opponent ~130 points
higher than my rating. I prepared a quiet line against his expected KID,
mostly because I was not as familiar with the mainlines. I practiced and
looked it up over and over until I was sure I could play it with eyes closed.} 
1. d4 Nf6 2. c4 g6 3. Nc3 Bg7 4. Nf3 O-O 5. g3 {A relatively quiet line, where
typical KID moves like ...f7-f5 don't work so well. This also helps White
worry less, if at all, about a king-side attack by Black.} (5. e4 d6 6. h3 e5
7. d5 {is another, well-known, line.}) 5... d6 6. e4 e5 7. d5 a5 8. Bg2 Na6 9.
O-O Nc5 10. Re1 {Not the most common move, but playable still. My pre-game
preparation ended about here, and I started wondering what I'm in for - what
he might play and what I might respond with.} Nh5 $6 {Signals an intent by
Black to play ...f5, but I already knew that ...f5 was not as good for Black
in such positions. I decided to simply prevent it.} 11. Be3 (11. Bg5 {is
another possibility, where} Qe8 12. Qd2 Bd7 {might follow.}) 11... f5 $2 {
This is simply not a correct idea for the variation we're playing. Black will
not get the attack they expect, and on top of that White will win material. My
response might have been unexpected because it isn't as typical of KID play
for White.} 12. Bxc5 dxc5 (12... fxe4 13. Nxe4 dxc5 14. Nxc5 {still wins a
pawn.}) 13. exf5 e4 $6 ({I honestly expected} 13... Bxf5 {, when} 14. Nxe5 {
and I am only up a pawn, as opposed to the two extra pawns I get in the game.})
14. Nxe4 {Around here I realized he didn't have much indeed, so my confidence
level rose.} (14. Nh4 {is apparently just as good, because the f-pawn is
immune:} Bxf5 $2 (14... gxf5 $4 15. Qxh5) 15. Nxf5 Bxc3 (15... Rxf5 $6 {and now
} 16. Nxe4 (16. g4 $2 Nf4 $3 {What a surprise that would be - Black's rook is
now immune, since after} 17. gxf5 $4 Qg5 {Black suddenly wins!})) 16. Nh6+ Kg7
17. bxc3 Kxh6 18. Rxe4 {+-}) 14... Bxf5 15. Nxc5 $1 {A nice exchange sacrifice,
which to my surprise he didn't accept.} b6 $6 (15... Bxb2 {I intended} 16. Ne6
Bxe6 17. Rb1 {±}) 16. Na4 $6 {I intended to defend the b2-pawn and return to
c3, but apparently I went astray here due to a miscalculation.} (16. Ne6 {
and White initiates more beneficial trades.} Bxe6 17. dxe6) 16... Qf6 {Now,
White must pay attention to the threat of ...Bg4.} (16... Bg4 {immediately may
be better, although after} 17. h3 Bxf3 18. Bxf3 Qf6 19. Kg2 {Still, I can't
say that this is much easier to play compared to the game.}) 17. Qd2 Bg4 $6 {
Not nearly as effective due to...} 18. Ne5 {Simple and strong.} Bc8 19. d6 {
Now White wins material due to tactics.} Ra7 $6 (19... Rb8 $2 20. dxc7) (19...
Ra6 $2 20. d7) (19... cxd6 {could be played, though after} 20. Bxa8 dxe5 {
White is still easily winning.}) 20. Nc6 {The rest was easy to convert.} Ra6
21. Ne7+ Kh8 22. Nxc8 Rxc8 23. Bb7 Raa8 24. Bxc8 Rxc8 25. d7 Rd8 26. Re8+ Bf8
27. Rxd8 Qxd8 28. Re1 Ng7 29. Qd4 Kg8 30. Qd5+ Kh8 31. Qf7 h5 32. Re8 {The
game is practically over.} Nxe8 33. dxe8=R Qxe8 34. Qxe8 Kg7 35. Nc3 Bd6 36.
Nd5 h4 37. Qd7+ Kh6 38. gxh4 Be5 39. f4 Bxb2 40. Qg4 c6 41. Ne7 Kg7 42. Qxg6+
Kf8 43. Nf5 b5 44. cxb5 cxb5 45. Qh7 Bf6 46. Nd6 Bd4+ 47. Kg2 Bg7 48. Qg6 Ke7
49. Qxg7+ Kxd6 50. Qe5+ Kc6 51. f5 b4 52. f6 b3 53. axb3 a4 54. bxa4 Kb6 55. f7
Kc6 56. f8=R Kd7 57. Rf6 Kd8 58. Rf7 Kc8 59. Qh8# 1-0

[Event "Year-End Scholastic Cup"]
[Site "?"]
[Date "2021.12.18"]
[Round "4"]
[White "Wang, Ted"]
[Black "Razmov, Gabriel"]
[Result "1-0"]
[WhiteElo "1731"]
[BlackElo "1647"]
[Annotator "Ted Wang"]
[PlyCount "35"]

{[%evp 0,35,20,18,40,48,71,71,61,61,60,49,78,56,56,27,34,28,28,28,235,235,235,
186,282,286,322,289,333,354,336,273,372,302,411,428,884,883]} 1. e4 d5 2. exd5
Qxd5 3. Nc3 Qa5 4. d4 Nf6 5. Nf3 c6 6. Bc4 Bf5 {This is Scandinavian Defense}
7. Ne5 {The intention of this move is to attack f7 and support the g4 move
next. This sets up double threats.} e6 {This is a great move to defend the
attack to f7.} 8. g4 {White focuses on the other attack to the bishop at f5.}
Bg6 9. h4 {White continues to put pressure on the bishop after its retreat to
g6.} h6 {This is a natural move to protect the bishop at g6, but allows White
to destroy Black’s pawn structure.} 10. Nxg6 fxg6 11. Qe2 {This is an
inaccuracy, Qd3 is the best move because it attacks the g6 pawn.} Be7 {This
move protects the check against the king.} 12. Bd2 {White could have taken the
pawn at e6, but this move allows White to castle, opening up the space for the
rook to enter the game with an open file for later attack.} Qd8 13. Qxe6 Qd7
14. Qf7+ Kd8 15. O-O-O Qxg4 16. Rhe1 {Rook is in position to attack the e7
bishop.} Qd7 17. Qxg7 Qe8 18. Rxe7 {White is up by a minor piece and in good
attack position.} 1-0

[Event "51st Continental Open"]
[Site "Sturbridge, MA"]
[Date "2021.08.17"]
[Round "?"]
[White "Amar, Benjamin"]
[Black "Seshadri, Sridhar"]
[Result "0-1"]
[WhiteElo "2002"]
[BlackElo "1600"]
[Annotator "Ralph Dubisch"]
[PlyCount "44"]
[EventDate "2021.??.??"]
[EventCountry "USA"]

{[%evp 0,44,34,32,30,-12,22,22,22,22,52,55,55,34,58,39,45,9,83,94,82,59,72,22,
72,80,80,80,191,-207,-224,-224,-243,-226,-226,-766,-723,-720,-762,-743,-765,
-961,-993,-2122,-2455,-29983,-1336]} 1. d4 d5 2. c4 e5 3. dxe5 d4 4. Nf3 c5 (
4... Nc6) 5. e3 Nc6 6. Be2 (6. exd4) 6... Bf5 7. Qa4 (7. Bd3 $5) 7... d3 8. Bd1
Qd7 9. Nc3 Nge7 10. b3 $2 (10. O-O $16) 10... Ng6 11. Bb2 d2+ 12. Nxd2 Ngxe5
13. Be2 Bd3 $4 (13... Nd3+ 14. Bxd3 Qxd3 15. Rd1 O-O-O 16. Nd5 Bd6 $13) 14.
O-O-O $4 (14. Nf3 Bxe2 15. Nxe5 Nxe5 16. Qxd7+ Nxd7 17. Kxe2 $16 {White is
essentially winning with an extra pawn and more active pieces.}) 14... Bxe2 15.
Nxe2 Nd3+ 16. Kb1 Nxf2 17. Rhf1 Nxd1 18. Rxd1 Qd3+ 19. Kc1 Qxe2 20. Qb5 O-O-O
21. Bxg7 Bxg7 22. Qxc5 Bc3 $19 ({Or} 22... Qd3 {, which leaves White with only
delaying moves (such as the obviously hopeless Qf5+ or Qd4) against the threat
of ...Qc3+ and ...Qb2#.} 23. Qa3 Qc3+ 24. Kb1 Nb4 {and mate next.}) 0-1